01389nam a2200325Ia 4500001001200000003000800012006001900020007001500039008004100054020001500095020002600110040002100136035002100157050002400178111008400202245017300286260005000459300002300509504004100532533015200573650002700725650002800752650003600780650002700816655002900843700002900872710001700901856012600918999001901044ebr10174051CaPaEBRm u cr cn|||||||||080801s2005 njua sb 100 0 eng d z9812563865 z9789812701770 (ebook) aCaPaEBRcCaPaEBR a(OCoLC)24696940314aTA165b.I755 2004eb2 aItalian Conference on Sensors and Microsystemsn(9th :d2004 :cFerrara, Italy)10aSensors and microsystemsh[electronic resource] :bproceedings of the 9th Italian Conference, Ferrara, Italy, 8-11 February, 2004 /ceditors, C. Di Natale ... [et al.]. aHackensack, N.J. :bWorld Scientific,cc2005. axx, 493 p. :bill. aIncludes bibliographical references. aElectronic reproduction.bPalo Alto, Calif. :cebrary,d2009.nAvailable via World Wide Web.nAccess may be limited to ebrary affiliated libraries. 0aDetectorsvCongresses. 0aBiosensorsvCongresses. 0aChemical detectorsvCongresses. 0aActuatorsvCongresses. 7aElectronic books.2local1 aDi Natale, C.q(Corrado)2 aebrary, Inc.40uhttp://site.ebrary.com/lib/rucke/Doc?id=10174051zAn electronic book accessible through the World Wide Web; click to view c248539d248539